A Concise Course In Reporting For Newspaper, Magazine, Radio And T.V. (Record no. 1119265)

MARC details
000 -LEADER
fixed length control field 00706nam a2200241Ia 4500
003 - CONTROL NUMBER IDENTIFIER
control field OSt
005 - DATE AND TIME OF LATEST TRANSACTION
control field 20221006165015.0
008 - FIXED-LENGTH DATA ELEMENTS--GENERAL INFORMATION
fixed length control field 221006b |||||||| |||| 00| 0 eng d
037 ## - SOURCE OF ACQUISITION
Terms of availability Textual
040 ## - CATALOGING SOURCE
Original cataloging agency FML
Transcribing agency FML
Language of cataloging eng
041 ## - LANGUAGE CODE
Source of code eng
Language code of text/sound track or separate title eng
100 ## - MAIN ENTRY--PERSONAL NAME
Personal name Ahuja B. N. Au.
9 (RLIN) 155572
245 #0 - TITLE STATEMENT
Title A Concise Course In Reporting For Newspaper, Magazine, Radio And T.V.
260 ## - PUBLICATION, DISTRIBUTION, ETC.
Place of publication, distribution, etc. Delhi
Name of publisher, distributor, etc. Surjeet Publication India
Date of publication, distribution, etc. 1990
300 ## - PHYSICAL DESCRIPTION
Extent 253
Dimensions cm.
700 ## - ADDED ENTRY--PERSONAL NAME
Personal name Chhabra S. S. Au.
9 (RLIN) 678897
942 ## - ADDED ENTRY ELEMENTS (KOHA)
Classification part 4211:22, N0
Koha item type Textual
Source of classification or shelving scheme Colon Classification (CC)
Holdings
Withdrawn status Lost status Source of classification or shelving scheme Damaged status Not for loan Home library Current library Date acquired Total Checkouts Full call number Barcode Date last seen Price effective from Koha item type
    Colon Classification (CC)     Department of Music Library Department of Music Library 2022-10-06   4211:22 N0 MU0010864 2022-10-06 2022-10-06 Textual
Copyright @ Delhi University Library System